Toutes les gares SNCF (grandes lignes) depuis Paris-Saint-Lazare - Statistiques

Statistiques générales
  • Ce quiz a été pris 134 fois
  • Le résultat moyen est 22 sur 42
Statistiques - réponses
Département Gare % Correct
1 Calvados Caen
97%
3 Seine-Maritime Rouen-Rive-Droite
94%
4 Seine-Maritime Rouen-Rive-Droite
94%
3 Seine-Maritime Le Havre
91%
1 Manche Cherbourg
85%
1 Eure Evreux-Normandie / Evreux-Embranchement
84%
2 Eure Evreux-Normandie / Evreux-Embranchement
84%
1 Yvelines Mantes-la-Jolie
83%
2 Yvelines Mantes-la-Jolie
83%
3 Yvelines Mantes-la-Jolie
83%
4 Seine-Maritime Dieppe
81%
2 Calvados Trouville-Deauville
78%
3 Eure Vernon-Giverny
73%
1 Calvados Lisieux
72%
2 Calvados Lisieux
72%
1 Calvados Bayeux
68%
3 Seine-Maritime Yvetot
56%
1 Eure Bernay
55%
2 Eure Bernay
55%
3 Eure Val-de-Reuil
50%
3 Seine-Maritime Oissel
45%
3 Yvelines Rosny-sur-Seine
41%
3 Yvelines Bonnières
40%
1 Eure Serquigny
40%
2 Eure Serquigny
40%
2 Calvados Pont-L'Evêque
40%
3 Seine-Maritime Bréauté-Beuzeville
39%
1 Manche Carentan
39%
1 Manche Valognes
39%
3 Eure Gaillon-Aubevoye / Val d'Hazey
36%
1 Yvelines Bréval
31%
3 Eure Pont-de-l'Arche
31%
1 Calvados Lison
29%
1 Calvados Mézidon-Canon
29%
1 Eure Bueil
25%
1 Eure Conches-en-Ouche
25%
1 Eure Beaumont-le-Roger
21%
1 Eure Romilly-la-Puthenaye
18%
4 Seine-Maritime Auffay
15%
4 Seine-Maritime Clères
15%
1 Eure La-Bonneville-sur-Iton
14%
4 Seine-Maritime Montville
10%
Aucun quiz correspondant
Distribution des résultats
% des personnes avec chaque résultat
Percentile par nombre de réponses
Votre historique - résultats
Vous n’avez pas pris ce quiz